[Event "Honved-B"]
[Site "Budapest"]
[Date "1997.??.??"]
[Round "9"]
[White "Palkovi, Jozsef"]
[Black "Wells, Peter K"]
[Result "0-1"]
[WhiteElo "2420"]
[BlackElo "2495"]

1.e4 c5 2.c3 Nf6 3.e5 Nd5 4.Nf3 Nc6 5.d4 cxd4 6.Bc4 Nb6 7.Bb3 d6 8.exd6 Qxd6
9.Na3 dxc3 10.Qe2 Bf5 11.Nb5 Qd7 12.Ne5 Nxe5 13.Qxe5 Rc8 14.O-O Nc4 15.Bxc4 Rxc4
16.Bf4 f6 17.Qb8+ Rc8 18.Nc7+ Kf7 19.Qxb7 e5 20.Qb3+ Kg6 21.Nd5 exf4 22.Nxf4+ Kh6
23.Rad1 Qc7 24.Rd4 g5 25.Nd5 Qe5 26.Ne3 Be6 27.Qa4 c2 28.Nxc2 Rxc2 29.Re4 Qxb2
30.Rxe6 Rxf2 31.Qc6 Bc5  0-1

[Event "Honved-B"]
[Site "Budapest"]
[Date "1997.??.??"]
[Round "11"]
[White "Acs, Peter"]
[Black "Czebe, Attila"]
[Result "0-1"]
[WhiteElo "2420"]
[BlackElo "2325"]

1.e4 c5 2.c3 Nf6 3.e5 Nd5 4.d4 cxd4 5.Nf3 Nc6 6.Bc4 Nb6 7.Bb3 d5 8.exd6 Qxd6
9.O-O Be6 10.Na3 dxc3 11.Nb5 Qxd1 12.Rxd1 Rc8 13.Bxe6 fxe6 14.bxc3 a6 15.Nbd4 Nxd4
16.Nxd4 e5 17.Ne6 Nd7 18.Be3 Rc6 19.Ng5 h6 20.Ne4 e6 21.a4 Nf6 22.Nd2 Bc5
23.Bxc5 Rxc5 24.Rdb1 O-O 25.Rxb7 Rxc3 26.Rb6 Rc2 27.Nf1 Nd5 28.Rxe6 Rfxf2
29.g3 Rfe2 30.Re8+ Kf7 31.Ra8 Nc3 32.Ra7+ Kg8 33.Rc7 Ne4 34.Rxc2 Rxc2 35.Re1 Ng5
36.Re3 e4 37.h4 Nf3+ 38.Kh1 Rf2  0-1

[Event "Buenos Aires op"]
[Site "Buenos Aires"]
[Date "1997.??.??"]
[Round "4"]
[White "Madina, Martin"]
[Black "Quinteros, Miguel A"]
[Result "0-1"]
[WhiteElo "2320"]
[BlackElo "2510"]

1.e4 c5 2.c3 Nf6 3.Qe2 Nc6 4.g3 d6 5.Bg2 g6 6.Nf3 Bg7 7.O-O O-O 8.h3 e5 9.Na3 d5
10.exd5 Nxd5 11.d3 h6 12.Nc4 Re8 13.a4 Bf5 14.Ne1 Qd7 15.Bxd5 Qxd5 16.Ne3 Qd7
17.Nxf5 Qxf5 18.g4 Qd7 19.Be3 Nd4 20.Qd1 Ne6 21.Qf3 Rf8 22.Qg3 f5 23.gxf5 Rxf5
24.Qxg6 Ng5 25.h4 Nh3+ 26.Kh2 Nf4 27.Bxf4 Rxf4 28.Ng2 Rg4 29.Qh5 Rf8 30.f4 exf4
31.Rf3 Rg3 32.Rxg3 fxg3+ 33.Kxg3 Rf5 34.Qg4 Kh8 35.Re1 Qxd3+ 36.Re3 Be5+
37.Kh3 Qd7 38.h5 Rxh5+ 39.Nh4 Qxg4+ 40.Kxg4 Rg5+ 41.Kh3 Bd6 42.Rd3 Bc7 43.Nf3 Rg7  0-1

[Event "Goodricke op"]
[Site "Calcutta"]
[Date "1997.??.??"]
[Round "1"]
[White "Shankar, Roy"]
[Black "Bischoff, Klaus"]
[Result "0-1"]
[WhiteElo "2335"]
[BlackElo "2550"]

1.e4 c5 2.c3 Nf6 3.e5 Nd5 4.d4 cxd4 5.Nf3 e6 6.Qxd4 Nc6 7.Qe4 Qc7 8.Bc4 f5
9.Qe2 Nde7 10.O-O Ng6 11.Re1 Be7 12.b4 O-O 13.Na3 a5 14.Nb5 Qb8 15.bxa5 Nxa5
16.Bd3 Nb3 17.Rb1 Nxc1 18.Rexc1 b6 19.Bc4 Bb7 20.Nbd4 Bc5 21.Bb5 Rd8 22.Rd1 h6
23.Nb3 Bxf3 24.Qxf3 Nxe5 25.Qh5 Qc7 26.a4 Be7 27.c4 Nf7 28.Rd3 Nd6 29.Rbd1 Nxb5
30.cxb5 Rxa4 31.g3 Raa8 32.Qf3 Ra2 33.Qe3 Bf6 34.Rc1 Rc2 35.Rcd1 Kh7 36.Nd4 Rc5
37.Rb3 Rc8 38.Ne2 Qb7 39.Rbd3 R8c7 40.Nf4 Bg5 41.h4 Bxf4 42.Qxf4 Rxb5 43.Qa4 Rbc5  0-1

[Event "Goodricke op"]
[Site "Calcutta"]
[Date "1997.??.??"]
[Round "2"]
[White "Sharma, Dinesh K"]
[Black "Ramesh, RB."]
[Result "1/2-1/2"]
[WhiteElo "2255"]
[BlackElo "2380"]

1.e4 c5 2.c3 Nf6 3.e5 Nd5 4.d4 cxd4 5.cxd4 d6 6.Bc4 Nb6 7.Bb5+ Bd7 8.Bxd7+ Qxd7
9.Nf3 g6 10.Bf4 Qf5 11.Bg3 d5 12.Nc3 Bh6 13.O-O Nc6 14.Qe2 O-O 15.a4 e6 16.Nh4 Qg5
17.Nf3 Qe7 18.Bh4 Qb4 19.Qb5 Rfc8 20.Rfd1 Nc4 21.Qxb4 Nxb4 22.Rab1 a6 23.Be7 Nc6
24.Bg5 Bxg5 25.Nxg5 Nb4 26.Nf3 Rc6 27.Kf1 Rac8 28.Ke2 Na5 29.Nd2 Nc2 30.Kd3 Na3
31.Rbc1 N3c4 32.Nxc4 Nxc4 33.Kc2 Rb6 34.b3 Na5 35.Rb1 Nc6 36.Kb2 Kg7 37.Na2 Na5
38.b4 Nc4+ 39.Kb3 Rbc6 40.Rbc1 h5 41.Nc3 h4 42.Rd3 Rh8 43.Rc2 Rh5 44.Rf3 Rg5
45.g3 Rg4 46.Rd3 Rg5 47.Rf3 Rc8 48.Rf4 hxg3 49.fxg3 Rf5 50.Rxf5 gxf5 51.a5 b5
52.axb6 a5 53.Na4 axb4 54.Kxb4 Nxb6  1/2-1/2

[Event "Goodricke op"]
[Site "Calcutta"]
[Date "1997.??.??"]
[Round "4"]
[White "Kunte, Abhijit"]
[Black "Murugan, Krishnamoorthy"]
[Result "1/2-1/2"]
[WhiteElo "2315"]
[BlackElo "2395"]

1.e4 c5 2.c3 Nf6 3.e5 Nd5 4.Bc4 Nb6 5.Bb3 d5 6.Nf3 Bg4 7.O-O Nc6 8.Re1 e6
9.d3 Be7 10.h3 Bh5 11.Bf4 g5 12.Bg3 Bg6 13.Bc2 h5 14.Nbd2 Qc7 15.a3 O-O-O
16.b4 h4 17.Bh2 Bh5 18.b5 Na5 19.Nf1 g4 20.hxg4 Bxg4 21.Bf4 Rdg8 22.Kh1 f5
23.N1h2 Bd8 24.Qd2 Qg7 25.Rg1 Nd7 26.Rae1 Nf8 27.Bd1 Bh5 28.a4 b6 29.Qc1 Nd7
30.Re3 Nf8 31.Ree1 Nb7 32.Qd2 Be7 33.Qa2 Na5 34.Qd2 Ng6 35.Bg5 Bxg5 36.Qxg5 Kd7
37.Qd2 Qh6 38.Re3 Qf4 39.Qb2 Ne7 40.Ree1 Rg7 41.Qe2 Nb7 42.d4 c4 43.Nf1 Qh6
44.N1h2 Bg6 45.Qd2 Bh5 46.Qxh6 Rxh6 47.g3 hxg3 48.fxg3 Bxf3+ 49.Bxf3 Rh3
50.Re2 Rhxg3 51.Rxg3 Rxg3 52.Rg2  1/2-1/2

[Event "Goodricke op"]
[Site "Calcutta"]
[Date "1997.??.??"]
[Round "4"]
[White "Goswami, Vedant"]
[Black "Shankar, Roy"]
[Result "0-1"]
[WhiteElo "2225"]
[BlackElo "2335"]

1.e4 c5 2.c3 Nf6 3.e5 Nd5 4.Nf3 Nc6 5.Bc4 Nb6 6.Bb3 g6 7.O-O Bg7 8.Re1 O-O
9.Na3 d5 10.exd6 Qxd6 11.d4 cxd4 12.Nb5 Qc5 13.Nbxd4 Nxd4 14.cxd4 Qd6 15.Bg5 e6
16.Qd2 Nd5 17.Bh6 Nf6 18.Bf4 Qb6 19.Rac1 Bd7 20.Be5 Bc6 21.Qf4 Nd5 22.Qh4 Qd8
23.Qg3 Rc8 24.Nd2 Ne7 25.Bxg7 Kxg7 26.Qe5+ Kg8 27.Ne4 Bxe4 28.Qxe4 Qd7 29.Rcd1 Rfd8
30.h3 a5 31.Rd2 a4 32.Bc2 Nd5 33.a3 b5 34.Bb1 b4 35.axb4 Qb5 36.h4 Qxb4 37.Red1 Rc1
38.Qe1 Rxd1 39.Qxd1 Nf4 40.Kh2 Qb7 41.f3 Qb4 42.g3 Nd5 43.Qc1 Ne3 44.Rd3 Nc4
45.Ba2 Ne5 46.Re3 Qxd4 47.Qc3 Qxc3 48.Rxc3 Rd2+ 49.Kh3 Nd3 50.h5 a3 51.Bxe6 fxe6
52.bxa3 Kf7 53.hxg6+ hxg6 54.Kg4 Kf6 55.f4 Nb2 56.Rb3 Nc4 57.a4 Ra2 58.Rb4 Ne3+
59.Kf3 Nd5 60.Re4 Ra3+ 61.Kf2 Nb6 62.Rb4 Nxa4 63.Rb7 Nc5  0-1

[Event "Goodricke op"]
[Site "Calcutta"]
[Date "1997.??.??"]
[Round "7"]
[White "Shankar, Roy"]
[Black "Sriram, Jha"]
[Result "1-0"]
[WhiteElo "2335"]
[BlackElo "2300"]

1.e4 c5 2.c3 Nf6 3.e5 Nd5 4.Nf3 d6 5.exd6 e6 6.d4 cxd4 7.Qxd4 Qxd6 8.g3 Nc6
9.Qe4 Be7 10.Bg2 O-O 11.O-O Qc7 12.Nbd2 b6 13.Re1 Bb7 14.Nc4 Nxc3 15.Qg4 Nd5
16.Bh6 Bf6 17.Ng5 Kh8 18.Bxg7+ Bxg7 19.Bxd5 h6 20.Be4 Nd4 21.Bxb7 Qxb7 22.Ne5 Nc2
23.Ngxf7+ Rxf7 24.Nxf7+ Qxf7 25.Qe4 Rc8 26.Rac1 Bxb2 27.Rxc2 Rxc2 28.Qxc2 Bd4
29.Re2 e5 30.Qe4 a5 31.Kg2 Qf6 32.f4  1-0

[Event "Goodricke op"]
[Site "Calcutta"]
[Date "1997.??.??"]
[Round "10"]
[White "Shankar, Roy"]
[Black "Parameswaran, Tiruchi N"]
[Result "1-0"]
[WhiteElo "2335"]
[BlackElo "2400"]

1.e4 c5 2.c3 Nf6 3.e5 Nd5 4.d4 cxd4 5.Nf3 e6 6.Qxd4 Nc6 7.Qe4 Qc7 8.g3 f5
9.Qe2 Nde7 10.Bg2 Ng6 11.O-O Ncxe5 12.Nxe5 Qxe5 13.Qh5 Be7 14.Nd2 O-O 15.Nf3 Qf6
16.Bg5 Qf7 17.Rad1 Bf6 18.Rd6 h6 19.Bxf6 Qxf6 20.Re1 Rb8 21.Nd2 Nh8 22.f4 Nf7
23.Rd4 b5 24.Nb3 d5 25.Nc5 a5 26.Rd3 b4 27.Rde3 bxc3 28.bxc3 Nd6 29.Nxe6 Bxe6
30.Rxe6  1-0

[Event "California-ch"]
[Site "California"]
[Date "1997.??.??"]
[Round "?"]
[White "Cunningham, Robin"]
[Black "Wolski, Thomas"]
[Result "1/2-1/2"]
[WhiteElo "2315"]
[BlackElo "2320"]

1.e4 c5 2.c3 Nf6 3.e5 Nd5 4.d4 cxd4 5.Qxd4 e6 6.Nf3 Nc6 7.Qe4 f5 8.Qe2 Qc7
9.g3 Nde7 10.Na3 Ng6 11.Nb5 Qb8 12.Bf4 Nxf4 13.gxf4 a6 14.Nbd4 Nxd4 15.Nxd4 b5
16.Bg2 Bb7 17.O-O Bxg2 18.Kxg2 Qb7+ 19.Qf3 Qxf3+ 20.Kxf3 Be7 21.b4 Kf7 22.a4 Rhc8
23.Rfc1 Rab8 24.axb5 axb5 25.Ne2 Rb7 26.Ra5 Bd8 27.Ra6 Bb6 28.Rca1 h6 29.Ra8 Rbb8
30.Rxb8  1/2-1/2

[Event "Cannes op 18th"]
[Site "Cannes"]
[Date "1997.??.??"]
[Round "1"]
[White "Pavasovic, Dusko"]
[Black "Todorov, Todor"]
[Result "1-0"]
[WhiteElo "2460"]
[BlackElo "2370"]

1.e4 c5 2.c3 Nf6 3.e5 Nd5 4.d4 cxd4 5.Nf3 e6 6.cxd4 b6 7.Nc3 Nxc3 8.bxc3 Qc7
9.Bd2 Bb7 10.Bd3 d6 11.O-O Nd7 12.Ng5 dxe5 13.Qh5 g6 14.Qh3 Be7 15.Rae1 Bxg5
16.Bxg5 Bd5 17.dxe5 Bxa2 18.Bb5 Bc4 19.Bxd7+ Kxd7 20.Rd1+ Kc8 21.Rfe1 h5
22.Rd6 Bb5 23.Qf3 Kb8 24.Red1 Rc8 25.Bd8 Qxc3 26.Qxf7 Qxe5 27.Qe7 Ba4 28.Rb1 Qb5
29.Re1 Qe8 30.Qh4 Kb7 31.Bg5 Bb3 32.Qd4 Qb5 33.Rd7+ Rc7 34.Rxc7+ Kxc7 35.Rc1+ Kb7
36.Qg7+ Ka6 37.Ra1+ Ba4 38.Qd4 Qxg5 39.Rxa4+ Kb7 40.Qd7+ Kb8 41.Rc4 Qc5 42.Rxc5 bxc5
43.Qxe6 Kc7 44.Qf7+ Kb6 45.Qxg6+ Kb5 46.Qd3+ Kb6 47.Qb3+ Kc7 48.Qd5  1-0

[Event "Cannes op 18th"]
[Site "Cannes"]
[Date "1997.??.??"]
[Round "1"]
[White "Cherniaev, Alexander"]
[Black "Mantovani, Renzo"]
[Result "1-0"]
[WhiteElo "2455"]
[BlackElo "2365"]

1.e4 c5 2.c3 Nf6 3.e5 Nd5 4.Nf3 e6 5.Bc4 Nc7 6.d4 d5 7.exd6 Bxd6 8.O-O O-O
9.Qe2 Nc6 10.Rd1 cxd4 11.cxd4 Nd5 12.Nc3 h6 13.Bd2 Nxc3 14.bxc3 Qc7 15.Qe4 Bd7
16.Bb3 Rfe8 17.c4 b6 18.Rac1 Rad8 19.c5 bxc5 20.dxc5 Bf8 21.Bf4 Qc8 22.Bd6 g6
23.Bxf8 Rxf8 24.Rd6 Qc7 25.Qf4 Kg7 26.Ba4 Nb8 27.Qd4+ Kg8 28.Bb3 Bc6 29.Ne5 Qb7
30.Rxd8  1-0

[Event "Cannes op-B 18th"]
[Site "Cannes"]
[Date "1997.??.??"]
[Round "5"]
[White "Vismara, Daniele"]
[Black "Berthelot, Yannick"]
[Result "1/2-1/2"]
[WhiteElo "2205"]
[BlackElo "2295"]

1.e4 c5 2.c3 Nf6 3.e5 Nd5 4.d4 cxd4 5.Nf3 Nc6 6.Bc4 Nb6 7.Bb3 g6 8.Ng5 d5
9.cxd4 Bg7 10.O-O O-O 11.h3 f6 12.exf6 exf6 13.Nf3 Bf5 14.Nc3 Kh8 15.Bf4 Be4
16.Be3 f5 17.Nxe4 fxe4 18.Nh2 Nc4 19.Rb1 Nxe3 20.fxe3 Qg5 21.Qe2 h5 22.Rxf8+ Rxf8
23.Rf1 Rxf1+ 24.Nxf1 a6 25.Qf2 Kg8 26.h4 Qd8 27.Qg3 Kh7 28.Qh3 Na5 29.Bd1 Nc4
30.b3 Nd6 31.Qe6 Nf5 32.Bxh5 Nxh4 33.Bg4 Qg5 34.Bh3 Nf5 35.Bxf5 Qxf5 36.Qd6 Qf7
37.Qc5 Bh6 38.Qc2 Kg7 39.Qe2 Bg5 40.Qg4 Bh6  1/2-1/2

[Event "Cannes op-B 18th"]
[Site "Cannes"]
[Date "1997.??.??"]
[Round "6"]
[White "Doric, Nenad"]
[Black "Hell, Pascal"]
[Result "1-0"]
[WhiteElo "2250"]
[BlackElo "2140"]

1.e4 c5 2.c3 Nf6 3.e5 Nd5 4.d4 cxd4 5.Nf3 d6 6.Bc4 e6 7.cxd4 Nc6 8.O-O Be7
9.Qe2 Nb6 10.Bb3 d5 11.Nc3 Bd7 12.Qe3 Na5 13.Bc2 h6 14.Qf4 g5 15.Qe3 a6 16.Nd2 Qc7
17.f4 Nc6 18.Kh1 O-O-O 19.Nf3 g4 20.Ng1 h5 21.f5 Rdg8 22.f6 Bf8 23.Nge2 Nc4
24.Qf2 h4 25.Qe1 Bh6 26.Bxh6 Rxh6 27.Qc1 Rhh8 28.b3 Nb6 29.Qd2 Kb8 30.Rac1 Qd8
31.a3 Qf8 32.Nb1 Qh6 33.Bd3 Rc8 34.Rc2 Qxd2 35.Nxd2 Na5 36.Rfc1 Bc6 37.Kg1 g3
38.hxg3 Rcg8 39.Kf2 hxg3+ 40.Nxg3 Rg4 41.Ne2 Rh2 42.Rg1 Bd7 43.Rcc1 Rh8 44.Rh1 Rhg8
45.g3 Nc6 46.Nf3 Na5 47.Rc3 Rc8 48.Rxc8+ Nxc8 49.Bc2 Na7 50.Rh7 Nb5 51.Rg7 Nxa3
52.Rxg4 Nxc2 53.Rg7 Nxb3 54.Rxf7  1-0

[Event "Cappelle op"]
[Site "Cappelle la Grande"]
[Date "1997.??.??"]
[Round "5"]
[White "Ekstroem, Roland"]
[Black "Makarov, Marat"]
[Result "1/2-1/2"]
[WhiteElo "2465"]
[BlackElo "2545"]

1.e4 c5 2.c3 Nf6 3.e5 Nd5 4.d4 cxd4 5.cxd4 d6 6.Nf3 Nc6 7.Nc3 dxe5 8.dxe5 Nxc3
9.Qxd8+ Nxd8 10.bxc3 Bd7 11.Be3 Rc8 12.Kd2 Nc6 13.Rb1 b6 14.Ba6 Rd8 15.Ke2 e6
16.Rhd1 Nb8 17.Bb5 Bxb5+  1/2-1/2

[Event "Castellaneta op"]
[Site "Castellaneta"]
[Date "1997.??.??"]
[Round "?"]
[White "Leoncini, Mario"]
[Black "Ciampi, Vincenzo"]
[Result "1/2-1/2"]
[WhiteElo "2180"]
[BlackElo "2165"]

1.e4 c5 2.c3 Nf6 3.e5 Nd5 4.d4 cxd4 5.Nf3 e6 6.cxd4 b6 7.Bd3 Ba6 8.Bxa6 Nxa6
9.O-O Be7 10.Nc3 Nxc3 11.bxc3 O-O 12.Qd3 Nb8 13.Rd1 d5 14.exd6 Qxd6 15.a4 Nc6
16.Ba3 Qd8 17.c4 Bxa3 18.Qxa3 Na5 19.Qb4 Qc7 20.Rac1 Rac8 21.c5 Rfd8 22.Qb2 h6
23.h3 Rb8 24.cxb6 Qxb6 25.Qxb6 Rxb6 26.Rc7 Rb7 27.Rxb7 Nxb7 28.Rc1 Nd6 29.Rc7 a5
30.Rc5 Ra8 31.Nd2 Nf5 32.d5 Rd8 33.dxe6 fxe6 34.Nb3 Rd3 35.Nxa5 Ra3 36.Rc4 Ra1+
37.Kh2 Kf7 38.Nc6 Ra2 39.a5 g5 40.Ne5+ Ke7  1/2-1/2

[Event "Castellaneta op"]
[Site "Castellaneta"]
[Date "1997.??.??"]
[Round "?"]
[White "Gueci, Riccardo"]
[Black "Lalic, Dragan"]
[Result "0-1"]
[WhiteElo "2135"]
[BlackElo "2360"]

1.e4 c5 2.c3 Nf6 3.e5 Nd5 4.d4 cxd4 5.Nf3 e6 6.cxd4 d6 7.Bd3 Nc6 8.a3 g6
9.O-O Bg7 10.Qe2 O-O 11.Bd2 Qb6 12.Nc3 Bd7 13.Nxd5 exd5 14.Bc3 Bg4 15.h3 Bxf3
16.Qxf3 dxe5 17.dxe5 d4 18.Bd2 Nxe5 19.Qg3 Rac8 20.Rab1 Rfe8 21.Bf4 Nxd3
22.Qxd3 a6 23.Rfd1 Qb5 24.Qxb5 axb5 25.Rd2 f5 26.Rbd1 Kf7 27.Kf1 Rc4 28.g3 Rec8
29.Ke2 b4 30.axb4 Rxb4 31.Ra1 Rc6 32.Ra2 Bf6 33.h4 Ke6 34.Bg5 Bxg5 35.hxg5 Ra6
36.Rxa6+ bxa6 37.b3 f4 38.gxf4 Kf5 39.Ra2 Rb6  0-1

[Event "Cerrado"]
[Site "Cerrado"]
[Date "1997.??.??"]
[Round "2"]
[White "Glavina, Pablo"]
[Black "Baron Rodriguez, Jorge"]
[Result "1-0"]
[WhiteElo "2380"]
[BlackElo "2255"]

1.e4 c5 2.c3 Nf6 3.d3 Nc6 4.f4 d6 5.Nf3 g6 6.Qc2 Bg7 7.g3 O-O 8.Bg2 Rb8 9.O-O b5
10.a3 a5 11.h3 b4 12.axb4 axb4 13.Be3 Qb6 14.Nbd2 Nd7 15.Nc4 Qb5 16.Rfc1 bxc3
17.bxc3 Qb3 18.Qf2 Qb7 19.g4 Qc7 20.d4 cxd4 21.cxd4 Qd8 22.Nxd6 Nb4 23.Rxc8 Rxc8
24.Nxc8 Qxc8 25.Qd2 Qc4 26.Ra3 Rb8 27.Rc3 Qb5 28.Bf1 Qb7 29.Rb3 Qxe4 30.Ng5 Qb7
31.Bc4 e6 32.f5 Nf8 33.fxe6 Nxe6 34.Nxe6 fxe6 35.Bxe6+ Kh8 36.d5 Qe7 37.Bd4 Na6
38.Rf3 Rb4 39.d6 Rb1+ 40.Kg2  1-0

[Event "Capablanca 32th Premier-B"]
[Site "Cienfuegos"]
[Date "1997.??.??"]
[Round "5"]
[White "Perez, Rodney"]
[Black "Lopez, C."]
[Result "1-0"]
[WhiteElo "2385"]
[BlackElo "2400"]

1.e4 c5 2.c3 Nf6 3.e5 Nd5 4.d4 cxd4 5.Qxd4 e6 6.Nf3 Nc6 7.Qe4 Qc7 8.Bc4 Nde7
9.Bf4 Ng6 10.Bg3 b6 11.O-O Bb7 12.Qe2 Be7 13.Nbd2 O-O 14.Bd3 d6 15.exd6 Bxd6
16.Ng5 Bxg3 17.hxg3 Qe5 18.Qh5 h6 19.Ndf3 Qf6 20.Nxf7 Kxf7 21.Rae1 Ne7 22.Bxg6+ Nxg6
23.Ne5+ Kg8 24.Nxg6 Rfd8 25.Nf4 Re8 26.Re3 e5 27.Rfe1 g5 28.Qg4 Rad8 29.Nh5 Qc6
30.Qe4 Qxe4 31.Nf6+ Kg7 32.Nxe4 Bxe4 33.Rxe4 Rd2 34.R1e2 Rxe2 35.Rxe2 Rd8
36.f3 Kf6 37.Kf2 Rd3 38.Ke1 Rd6 39.Rd2 Rc6 40.g4 e4 41.Rd5 exf3 42.gxf3 Ke6
43.Rd4 Ke5 44.Kd2 h5 45.Re4+ Kf6 46.gxh5 Kf5 47.Re7 Rh6 48.Rxa7 Rxh5 49.Ke3 Rh2
50.b3 Rc2 51.c4 Rc3+ 52.Ke2 Rc2+ 53.Kd3 Rf2 54.Ke3 Rc2 55.Rd7  1-0

[Event "FRA-chT9697 final"]
[Site "Clichy"]
[Date "1997.??.??"]
[Round "10"]
[White "Rainfray, Arnaud"]
[Black "Delebarre, Xavier"]
[Result "1/2-1/2"]
[WhiteElo "2150"]
[BlackElo "2260"]

1.e4 c5 2.c3 Nf6 3.e5 Nd5 4.d4 cxd4 5.Nf3 Nc6 6.Bc4 Nb6 7.Bb3 d6 8.exd6 Qxd6
9.Na3 dxc3 10.Nb5 Qb8 11.O-O e6 12.g3 Be7 13.Bf4 e5 14.Nxe5 Nxe5 15.Qh5 O-O
16.Bxe5 Bg4 17.Qxg4 Qxe5 18.Nxc3 a5 19.Rfe1  1/2-1/2

[Event "Corsica rap op"]
[Site "Corsica"]
[Date "1997.??.??"]
[Round "3"]
[White "Gingene, E."]
[Black "De la Riva Aguado, Oscar"]
[Result "0-1"]
[WhiteElo "2095"]
[BlackElo "2460"]

1.e4 c5 2.c3 Nf6 3.e5 Nd5 4.d4 cxd4 5.Bc4 Nb6 6.Bb3 Nc6 7.Nf3 g6 8.O-O Bg7
9.cxd4 O-O 10.Bf4 d6 11.Nc3 Bg4 12.Re1 Bxf3 13.gxf3 d5 14.Be3 a6 15.f4 e6
16.Qf3 Ne7 17.Kh1 Rc8 18.Ne2 Nf5 19.Ng3 Nh4 20.Qg4 Qe7 21.Rg1 Nc4 22.Rab1 Rc6
23.Nf1 Rfc8 24.Qe2 Na5 25.Nd2 Nf5 26.Qd3 R6c7 27.Nf3 Nc4 28.Bd2 Nxd2 29.Qxd2 Bf8
30.Rbc1 Qd7 31.Bc2 Ng7 32.Bd3 Be7 33.Rcd1 Qa4 34.a3 Qb3 35.Ng5 Rc6 36.Rg3 Nh5
37.Rh3 Qxd1+ 38.Qxd1 Rc1 39.Rxh5 Rxd1+ 40.Kg2 gxh5  0-1

[Event "Costa Rica-ch"]
[Site "Costa Rica"]
[Date "1997.??.??"]
[Round "3"]
[White "Ugalde, Ronald"]
[Black "Peraza, Rafael"]
[Result "1-0"]
[WhiteElo "2165"]
[BlackElo "2000"]

1.e4 c5 2.c3 Nf6 3.e5 Nd5 4.d4 cxd4 5.Nf3 Nc6 6.cxd4 d6 7.exd6 Qxd6 8.Nc3 e6
9.Bd3 Be7 10.O-O O-O 11.Ne4 Qd8 12.Bg5 f6 13.Bd2 f5 14.Nc5 Nxd4 15.Nxd4 Bxc5
16.Nb3 Bb6 17.Qe2 Qf6 18.Rab1 Bd7 19.Rfe1 Rae8 20.Na5 Bxa5 21.Bxa5 Nf4 22.Qe3 Nxd3
23.Qxd3 Bc6 24.Bc3 Qg6 25.f3 Rd8 26.Qe3 Rfe8 27.Rbd1 Bd5 28.a3 a6 29.Be5 Rc8
30.Rc1 Red8 31.Bc3 Rc6 32.Qf2 Rdc8 33.Re3 Qf7 34.f4 Rc4 35.Rg3 Qc7 36.Rf1 g6
37.h4 Qc5 38.Re3 h5 39.Kh2 Kh7 40.Rfe1 Qc7 41.Re5 Re4 42.R1xe4 Bxe4 43.Rxe6 Bd5
44.Re5 Rd8 45.Qd4 Qf7 46.Rxd5  1-0

[Event "Cseppko op"]
[Site "Cseppko"]
[Date "1997.??.??"]
[Round "2"]
[White "Tamas, Norbert"]
[Black "Kerek, Krisztian"]
[Result "1-0"]
[WhiteElo "2150"]
[BlackElo "2290"]

1.e4 c5 2.c3 Nf6 3.e5 Nd5 4.d4 cxd4 5.Nf3 e6 6.cxd4 b6 7.Nc3 Nxc3 8.bxc3 Qc7
9.Bd2 Bb7 10.Bd3 d6 11.O-O Nd7 12.exd6 Bxd6 13.h3 O-O 14.Qe2 Bf4 15.Ng5 Nf6
16.Rfe1 Rac8 17.Rac1 h6 18.Ne4 Bxe4 19.Bxe4 Nxe4 20.Bxf4 Qxf4 21.Qxe4 Qxe4
22.Rxe4 Rc4 23.Re3 Rfc8 24.Rd3 Ra4 25.Rc2 b5 26.Kf1 Rac4 27.Ke2 b4 28.Kd2 Kf8
29.Rc1 Ke7 30.a3 bxa3 31.Ra1 Ra4 32.Ra2 Kd6 33.Kc2 Ra6 34.Rd1 Rc4 35.Kd3 Rca4
36.Rb1 Rb6 37.Rba1 Rb2 38.Rxb2 axb2 39.Rb1 Ra2 40.Kc4 a5 41.Kb3 Ra1 42.Rxb2 a4+
43.Kb4 a3 44.Re2 a2 45.Kb3 Rg1 46.Rxa2 Rxg2 47.c4 f5 48.Kb4 g5 49.Kb5 g4
50.c5+ Kd5 51.hxg4 fxg4 52.c6 Rg1 53.Rc2 Rb1+ 54.Ka6 Rb8 55.c7 Rh8 56.c8=Q Rxc8
57.Rxc8 Kxd4 58.Rh8 Ke4 59.Rxh6 Kf3 60.Rf6+ Ke2 61.Kb5 e5 62.Kc4 e4 63.Kd4 g3
64.fxg3  1-0

[Event "Cseppko op"]
[Site "Cseppko"]
[Date "1997.??.??"]
[Round "4"]
[White "Egri, Laszlo"]
[Black "Kerek, Krisztian"]
[Result "1/2-1/2"]
[WhiteElo "2150"]
[BlackElo "2290"]

1.e4 c5 2.c3 Nf6 3.e5 Nd5 4.d4 cxd4 5.cxd4 e6 6.Nc3 Nxc3 7.bxc3 Qc7 8.Bd2 d6
9.Nf3 Nd7 10.exd6 Bxd6 11.Bd3 b6 12.O-O Bb7 13.Re1 O-O 14.Ne5 Bxe5 15.dxe5 Nc5
16.Bc2 Rfd8 17.Re3 Qd7 18.Be1 Qxd1 19.Rxd1 Rxd1 20.Bxd1 Bd5 21.a3 Bc4 22.Be2 Bxe2
23.Rxe2 Rd8 24.Rd2 Rxd2 25.Bxd2 Nb3 26.Be3 Na5 27.f4 Nc4 28.Bc1 Kf8 29.Kf2 Ke7
30.Ke2 Kd7 31.Kd3 b5 32.a4 Kc6 33.Kd4 a6 34.g4 g6 35.h4 h5 36.gxh5 gxh5 37.axb5+ Kxb5
38.Ke4 a5 39.f5 a4 40.fxe6 fxe6 41.Kf4 a3 42.Bxa3 Nxa3 43.Kg5 Kc5 44.Kxh5 Nc4
45.Kg5 Nxe5 46.h5 Kd6 47.Kf6 Ng4+ 48.Kg5 Ne5 49.Kf6 Nd7+ 50.Kf7 Ne5+ 51.Kf6  1/2-1/2

[Event "Cseppko op"]
[Site "Cseppko"]
[Date "1997.??.??"]
[Round "8"]
[White "Hajnal, Zoltan"]
[Black "Turzo, Attila"]
[Result "0-1"]
[WhiteElo "2210"]
[BlackElo "2370"]

1.e4 c5 2.c3 Nf6 3.e5 Nd5 4.d4 cxd4 5.cxd4 d6 6.f4 Nc6 7.Nc3 dxe5 8.fxe5 Bf5
9.a3 e6 10.Nf3 Be7 11.Bc4 O-O 12.Bxd5 exd5 13.b4 Rc8 14.Bb2 Be4 15.O-O f5
16.exf6 Bxf6 17.Nxe4 dxe4 18.Ne5 Qd5 19.Rc1 Bg5 20.Rc5 Qa2 21.Bc1 Rxf1+ 22.Qxf1 Rf8
23.Qc4+ Qxc4 24.Rxc4 Nxe5 25.dxe5 e3  0-1

[Event "Union de Reyes"]
[Site "CUB"]
[Date "1997.??.??"]
[Round "?"]
[White "Barroso, Wildred"]
[Black "Cabrera, Alexis"]
[Result "1/2-1/2"]
[WhiteElo "2200"]
[BlackElo "2305"]

1.e4 c5 2.c3 Nf6 3.e5 Nd5 4.d4 cxd4 5.cxd4 d6 6.Nf3 Nc6 7.Bc4 Nb6 8.Bb3 d5
9.Nh4 e6 10.Nf3 Be7 11.Nc3 f6 12.exf6 Bxf6 13.Bf4 O-O 14.Bg3 Nc4 15.Bxc4 dxc4
16.Qe2 Nb4 17.O-O Nd3 18.b3 Qa5 19.Ne4 b5 20.a4 Bd7 21.axb5 Qxb5 22.bxc4 Qc5
23.Rfc1 Qb5 24.Rcb1 Qxc4 25.Rc1 Qb5 26.Rcb1 Qc4 27.Nc5 Bb5 28.Rxb5 Qxb5 29.Qxd3 Qxd3
30.Nxd3 Rfd8 31.Ra4 Rdc8 32.h3 a5 33.Nfe5 Be7 34.Nc5 Bd8 35.Nc6 Rxc6 36.Bd6 Bf6
37.Nb3 Rac8 38.Bc5 Bxd4 39.Nxa5 Bxc5 40.Nxc6 Rxc6  1/2-1/2

[Event "Matanzas op"]
[Site "Cuba"]
[Date "1997.??.??"]
[Round "2"]
[White "Perez, Luis Manuel"]
[Black "Abreu, Arian"]
[Result "1-0"]
[WhiteElo "2290"]
[BlackElo "2425"]

1.e4 c5 2.c3 Nf6 3.e5 Nd5 4.d4 cxd4 5.cxd4 d6 6.Bc4 Nb6 7.Bb5+ Bd7 8.e6 fxe6
9.Bd3 Bc6 10.Qg4 Kd7 11.Nh3 h5 12.Qg3 Qc8 13.O-O Na6 14.Nc3 Nc7 15.Re1 g5
16.Nxg5 Bh6 17.Nxe6 Nxe6 18.Bf5 Qf8 19.Bxe6+ Kc7 20.d5 Bd7 21.Bxd7 Nxd7 22.Nb5+ Kb6
23.a4 a5 24.Be3+ Bxe3 25.Qxe3+ Nc5 26.Rab1 Qh6 27.Qxe7 Rad8 28.b4 axb4 29.Rxb4 Ka6
30.Qe2 Qg6 31.Reb1 Qd3 32.Nc7+  1-0

[Event "CZE-chT1c 9697"]
[Site "CZE"]
[Date "1997.??.??"]
[Round "?"]
[White "Richtrova, Eliska"]
[Black "Volak, Michal"]
[Result "1/2-1/2"]
[WhiteElo "2295"]
[BlackElo "2175"]

1.e4 c5 2.c3 Nf6 3.e5 Nd5 4.d4 cxd4 5.Qxd4 e6 6.Bd3 Nc6 7.Qe4 d6 8.f4 Qc7
9.Nf3 Nb6 10.Na3 a6 11.Nc2 Nd7 12.Ncd4 Nc5 13.Qe2 Nxd3+ 14.Qxd3 Bd7 15.O-O dxe5
16.fxe5 Nxe5 17.Nxe5 Qxe5 18.Qf3 f6 19.Qxb7 Qb8 20.Qe4 Bc5 21.b4 Bxd4+ 22.Qxd4 Qa7
23.Qxa7 Rxa7 24.c4 Rb7 25.Bd2 Kf7 26.Bc3 Rc8 27.c5 Ba4 28.Rae1 Rd7 29.Rf3  1/2-1/2

[Event "MSS-ch"]
[Site "CZE"]
[Date "1997.??.??"]
[Round "?"]
[White "Blazkova, Petra"]
[Black "Slepankova, Radka"]
[Result "1-0"]
[WhiteElo "2220"]
[BlackElo "2035"]

1.e4 c5 2.c3 Nf6 3.e5 Nd5 4.d4 cxd4 5.Nf3 Nc6 6.Bc4 Nb6 7.Bb3 d6 8.exd6 e6
9.cxd4 Bxd6 10.Nc3 h6 11.O-O O-O 12.Re1 Ne7 13.Qd3 Ned5 14.Bc2 Nf6 15.Ne5 Bxe5
16.Rxe5 Re8 17.Bf4 Bd7 18.Qg3 Kf8 19.Ne4 Bc6 20.Nxf6 Qxf6 21.Rh5 Nd7 22.Bd6+ Kg8
23.Be5 Nxe5 24.dxe5 Qd8 25.Rxh6 Kf8 26.Rh8+ Ke7 27.Qa3+  1-0

[Event "MSS-ch"]
[Site "CZE"]
[Date "1997.??.??"]
[Round "?"]
[White "Nepomucky, Ondrej"]
[Black "Sekanina, Jiri"]
[Result "1/2-1/2"]
[WhiteElo "1890"]
[BlackElo "2090"]

1.e4 c5 2.c3 Nf6 3.e5 Nd5 4.d4 cxd4 5.Nf3 Nc6 6.cxd4 d6 7.Bc4 Nb6 8.Bb5 dxe5
9.Nxe5 Bd7 10.Bxc6 Bxc6 11.Nxc6 bxc6 12.O-O e6 13.Qg4 h5 14.Qe4 Qd5 15.Nc3 Qxe4
16.Nxe4 Be7 17.Bf4 O-O-O 18.Rfd1 Rd5 19.Rac1 Kb7 20.Nc3 Rf5 21.Be3 Rd8 22.h3 Nd5
23.Nxd5 Rfxd5 24.Rc4 Bf6 25.Rd3 e5 26.Rb3+ Rb5 27.dxe5 Rd1+ 28.Kh2 Bxe5+
29.Bf4 Rxb3 30.axb3 Bxb2 31.Rb4+ Ka6 32.Ra4+ Kb7 33.Rb4+  1/2-1/2

[Event "CZE-chT2 9697"]
[Site "CZE"]
[Date "1997.??.??"]
[Round "?"]
[White "Dolezal, Radoslav Sr"]
[Black "Ptacnikova, Lenka"]
[Result "1/2-1/2"]
[WhiteElo "2045"]
[BlackElo "2270"]

1.e4 c5 2.c3 Nf6 3.e5 Nd5 4.d4 cxd4 5.Nf3 Nc6 6.cxd4 d6 7.Bc4 Nb6 8.Bb5 dxe5
9.Nxe5 Bd7 10.Bxc6 Bxc6 11.Nxc6 bxc6 12.O-O g6 13.Qd3 Bg7 14.Rd1 O-O 15.Nc3 Qd7
16.Be3 Rfd8 17.Ne2 Nd5 18.Bd2 Rab8 19.Ba5 Rdc8 20.Qd2 Rb5 21.Rac1 Qb7 22.b3 Qa6
23.b4 Rcb8 24.a3 R5b7 25.Rc5 e6 26.Qc2 Ne7 27.Nc1 Rd7 28.Nb3 Rd5 29.h3 h5
30.a4 Bf8 31.Rc1 Bh6 32.Re1 Bg7 33.Rxd5 Nxd5 34.Nc5 Qc8 35.Qc4 Bf8 36.Na6 Nb6
37.Qd3 Rb7 38.Rc1 Nxa4 39.b5 Rd7 40.Rxc6 Qb7 41.Nc7 Bg7 42.Nxe6 fxe6 43.Qxg6 Rf7
44.Bb4 Qd7  1/2-1/2

[Event "MSS-ch"]
[Site "CZE"]
[Date "1997.??.??"]
[Round "?"]
[White "Nepomucky, Ondrej"]
[Black "Slepankova, Radka"]
[Result "1/2-1/2"]
[WhiteElo "1890"]
[BlackElo "2040"]

1.e4 c5 2.c3 Nf6 3.e5 Nd5 4.d4 cxd4 5.Nf3 Nc6 6.cxd4 d6 7.Bc4 e6 8.O-O Be7
9.Bxd5 exd5 10.Bf4 Bg4 11.exd6 Bxd6 12.Bxd6 Qxd6 13.Re1+ Ne7 14.Qe2 Bxf3
15.Qxf3 O-O 16.Nc3 Nc6 17.Qxd5 Qxd5 18.Nxd5 Nxd4  1/2-1/2